Industrial biotechnology: Problems and remedies (Record no. 26898)

MARC details
000 -LEADER
fixed length control field 00492nam a2200169Ia 4500
008 - FIXED-LENGTH DATA ELEMENTS--GENERAL INFORMATION
fixed length control field 230917s9999||||xx |||||||||||||| ||und||
020 ## - ISBN
Price RS215
040 ## - CATALOGING SOURCE
-- 247799
Original cataloging agency VIVEKANANDA LIBRARY
041 ## - Language
-- English
082 ## - DDC NUMBER
Classification number 660.6 T326I
100 ## - MAIN ENTRY--PERSONAL NAME
Personal name Thakur, Indu Shekhar
245 #0 - TITLE STATEMENT
Title Industrial biotechnology: Problems and remedies
260 ## - PUBLICATION, DISTRIBUTION, ETC. (IMPRINT)
Place of publication, distribution, etc New Delhi
Name of publisher, distributor, etc I K International Publishing House
Date of publication, distribution, etc 2015
300 ## - PHYSICAL DESCRIPTION
Pages x, 322 p.
500 ## - GENERAL NOTE
General note 3134 28/05/2018 RBP18/71428 01/06/2018 Main Budget
942 ## - ADDED ENTRY ELEMENTS (KOHA)
Koha item type Books
Holdings
Withdrawn status Lost status Damaged status Not for loan Location (home branch) Sublocation or collection (holding branch) Date acquired Koha issues (times borrowed) Koha full call number Accession No. Koha date last seen Koha item type
        VIVEKANANDA LIBRARY VIVEKANANDA LIBRARY 21/06/2018   660.6 T326I 373115 17/09/2023 Books
        VIVEKANANDA LIBRARY VIVEKANANDA LIBRARY 21/06/2018   660.6 T326I 373116 17/09/2023 Books
        VIVEKANANDA LIBRARY VIVEKANANDA LIBRARY 21/06/2018   660.6 T326I 373117 17/09/2023 Books
        VIVEKANANDA LIBRARY VIVEKANANDA LIBRARY 21/06/2018   660.6 T326I 373302 17/09/2023 Books
© Designed and Maintained by Vivekananda Library, MDU Rohtak